000 00309nam a22001337a 4500
008 170608b xxu||||| |||| 00| 0 eng d
020 _a9781111741761
041 _aeng
080 _a32
100 _a18
101 _aSHP
245 _aINTRODUCTIVE TO COMPARATIVE POLITICS
_cKESSELMAN.M
942 _2udc
_cBK
999 _c16493
_d16493